000 00684nam a2200205 i 4500
001 73193
003 ES-MaACL
005 20250821070353.0
007 t|
008 040907s1942 sp f |||| |bspa d
100 1 _aGarcía-Rodríguez, José María.
_9163049
245 1 0 _aAmbrosio Spínola y su tiempo /
_cpor José M.ª García Rodríguez.
260 _aBarcelona :
_bOlimpo,
_c[1942]
300 _a210 p., [6] p. de lám. ;
_c22 cm.
490 1 _aPretérito
600 1 4 _aSpínola, Ambrosio,
_d1569-1630
_9164593
830 0 _aPretérito
_9231154
852 _aES-MaACL
_jL-31904
_z. - Donat. herederos de la bibl. de Mª del Pilar Costa Palacín
999 _c73193
_d73193